[Event "SR 5. liga SE-SI 2014/2015"]
[Site "?"]
[Date "2015.01.24"]
[Round "7.2"]
[White "Hrdlicka, Martin"]
[Black "Macalka, Ondrej"]
[Result "0-1"]
[WhiteElo "1232"]
[BlackElo "1499"]
[PlyCount "66"]
[EventDate "2014.??.??"]

1. e4 c5 2. Nf3 d6 3. d4 cxd4 4. Nxd4 Nc6 5. Nc3 a6 6. Be3 Nf6 7. Bc4 g6 8. Qd2
Nxd4 9. Bxd4 Bg7 10. Bxf6 Bxf6 11. Qh6 Qc7 12. Nd5 Qxc4 13. Nxf6+ exf6 14.
O-O-O Qe6 15. Qg7 Rf8 16. Qxh7 Bd7 17. Rd4 O-O-O 18. Rhd1 Rh8 19. Qg7 Rdg8 20.
Rxd6 Rxg7 21. Rxe6 fxe6 22. h3 Rh4 23. f3 f5 24. e5 Rc4 25. b3 Rc7 26. Rd4 Rh7
27. h4 Rc5 28. f4 Rxh4 29. g3 Rh2 30. Kb2 Rcxc2+ 31. Ka3 Rxa2+ 32. Kb4 a5+ 33.
Kc5 Kc7 0-1

[Event "SR 5. liga SE-SI 2014/2015"]
[Site "?"]
[Date "2015.01.24"]
[Round "7.2"]
[White "Petras, Michal"]
[Black "Musaev, Urmat"]
[Result "1/2-1/2"]
[WhiteElo "1255"]
[BlackElo "1000"]
[PlyCount "81"]
[EventDate "2014.??.??"]

1. e4 c6 2. Nf3 d5 3. Nc3 Bg4 4. exd5 cxd5 5. d4 Nf6 6. Be2 e6 7. Bg5 Be7 8.
O-O O-O 9. Re1 Nbd7 10. Bxf6 Nxf6 11. Ne5 Bf5 12. Bd3 Ne4 13. Nxe4 dxe4 14.
Bxe4 Bxe4 15. Rxe4 Rc8 16. c3 Qd5 17. Re2 f6 18. Nf3 Rc6 19. Qc2 Re8 20. a3 a5
21. Rae1 b5 22. Qe4 Qd7 23. Qg4 Bf8 24. Qe4 b4 25. axb4 axb4 26. Rc2 Rec8 27.
Rec1 Qd5 28. Qxd5 exd5 29. Ne1 bxc3 30. Rxc3 Rxc3 31. Rxc3 Rb8 32. Nd3 Ra8 33.
h3 Ra4 34. Nf4 Rxd4 35. Ne6 Rd1+ 36. Kh2 Bd6+ 37. g3 Rd2 38. Kg2 Rxb2 39. Rd3
Rb5 40. Nd4 Ra5 41. Nf5 1/2-1/2

[Event "SR 5. liga SE-SI 2014/2015"]
[Site "?"]
[Date "2015.01.24"]
[Round "7.2"]
[White "Musaev, Matej Elbek"]
[Black "Cibula, Marian"]
[Result "1-0"]
[WhiteElo "1070"]
[BlackElo "1000"]
[PlyCount "91"]
[EventDate "2014.??.??"]

1. e4 e5 2. Nf3 Nc6 3. Bc4 Bc5 4. c3 Nf6 5. d4 exd4 6. cxd4 Bb6 7. Bg5 d6 8.
Bb5 d5 9. e5 Qe7 10. O-O Bg4 11. exf6 gxf6 12. Re1 Be6 13. Bf4 O-O-O 14. Bd3
Nxd4 15. Nxd4 Bxd4 16. Qc2 Bb6 17. Nd2 Rhg8 18. Bxh7 Rg7 19. Bf5 Qc5 20. Bxe6+
fxe6 21. Qxc5 Bxc5 22. Rac1 Bd6 23. Bxd6 Rxd6 24. Rc2 d4 25. Ne4 Ra6 26. Rd1
Rxa2 27. Rcd2 Rd7 28. h3 e5 29. Nxf6 Rd6 30. Ne4 Rd7 31. Rc2 d3 32. Rc3 Rxb2
33. Rcxd3 Rxd3 34. Rxd3 b5 35. g4 Rb1+ 36. Kg2 b4 37. g5 b3 38. g6 b2 39. g7
Rg1+ 40. Kxg1 b1=Q+ 41. Kg2 Qxd3 42. g8=Q+ Kb7 43. Nc5+ Kc6 44. Nxd3 e4 45.
Qc4+ Kb7 46. Qxe4+ 1-0

[Event "SR 5. liga SE-SI 2014/2015"]
[Site "?"]
[Date "2015.01.24"]
[Round "7.2"]
[White "Sekac, Martin"]
[Black "Svarc, Vaclav"]
[Result "0-1"]
[WhiteElo "1000"]
[BlackElo "1094"]
[PlyCount "124"]
[EventDate "2014.??.??"]

1. e4 e5 2. Nf3 Nc6 3. Bb5 Bb4 4. O-O d6 5. a3 Bc5 6. Nc3 Bg4 7. Be2 Nf6 8. d3
O-O 9. Bg5 Qe7 10. Qd2 Rae8 11. Rfe1 Qe6 12. Rad1 Nd4 13. Nxd4 Bxd4 14. Bxf6
Qxf6 15. Bxg4 Qg6 16. Bf3 f5 17. Nb5 fxe4 18. dxe4 Bxb2 19. Qb4 Rxf3 20. Rd3
Ref8 21. Qxb2 Qg4 22. Qb3+ R3f7 23. Rg3 Qh4 24. Rd1 Kh8 25. Rdd3 Rxf2 26. Rdf3
R2xf3 27. gxf3 Rf6 28. Kf2 Qxh2+ 29. Rg2 Qh4+ 30. Kf1 Qh1+ 31. Kf2 Rg6 32. Rxg6
hxg6 33. Nxa7 Qh2+ 34. Ke3 Qg1+ 35. Kd3 Qxa7 36. Qe6 Qxa3+ 37. Kc4 Qa2+ 38. Kd3
Qxe6 39. c3 d5 40. exd5 Qxd5+ 41. Kc2 Qxf3 42. Kb3 g5 43. Kc2 g4 44. Kd2 g3 45.
Ke1 g2 46. c4 g1=Q+ 47. Kd2 b6 48. Kc2 Qc5 49. Kb2 Qxc4 50. Kb1 Qc1+ 51. Ka2
Qb2+ 52. Kxb2 Qd3 53. Kc1 Qe2 54. Kb1 Qd2 55. Ka1 Kh7 56. Kb1 Kg6 57. Ka1 Kf5
58. Kb1 Ke4 59. Ka1 Kd3 60. Kb1 Kc3 61. Ka1 Kb3 62. Kb1 Qb2# 0-1

[Event "SR 5. liga SE-SI 2014/2015"]
[Site "?"]
[Date "2015.01.24"]
[Round "7.3"]
[White "Brunovsky, Peter"]
[Black "Diviak, Rudolf"]
[Result "1/2-1/2"]
[WhiteElo "1869"]
[BlackElo "1836"]
[PlyCount "46"]
[EventDate "2014.??.??"]

1. d4 Nf6 2. Nf3 g6 3. Bf4 Bg7 4. e3 d6 5. h3 b6 6. Bc4 O-O 7. O-O Bb7 8. Nbd2
Nbd7 9. c3 c5 10. Re1 a6 11. Bh2 b5 12. Bb3 Qb6 13. Rc1 Rac8 14. Bc2 Rfe8 15.
e4 e5 16. dxe5 dxe5 17. c4 Bh6 18. g4 Bg7 19. Qe2 b4 20. Rcd1 Rcd8 21. Bg3 Bc6
22. Qf1 Qb7 23. Nh4 Nf8 1/2-1/2

[Event "SR 5. liga SE-SI 2014/2015"]
[Site "?"]
[Date "2015.01.24"]
[Round "7.3"]
[White "Trojkova, Michaela"]
[Black "Butas, Adam"]
[Result "1-0"]
[WhiteElo "1461"]
[BlackElo "1000"]
[PlyCount "69"]
[EventDate "2014.??.??"]

1. e4 e5 2. Nf3 Nc6 3. Bc4 Bc5 4. d3 Nf6 5. Bg5 h6 6. Bh4 d6 7. h3 Qe7 8. Nc3
Be6 9. Bb3 Bxb3 10. axb3 a6 11. Nd5 Qe6 12. Nxc7+ Ke7 13. Nxe6 fxe6 14. Bxf6+
gxf6 15. Nh4 Rhg8 16. Qd2 Kd7 17. Qxh6 Ne7 18. Rf1 Rac8 19. O-O-O Rcf8 20. Qd2
Rh8 21. Nf3 Ng6 22. Rh1 Nf4 23. d4 Bb6 24. dxe5 Bc7 25. exd6 Bb8 26. Qxf4 e5
27. Qf5+ Kc6 28. d7 Ba7 29. Qe6+ Kc7 30. d8=Q+ Rxd8 31. Qe7+ Rd7 32. Qxd7+ Kb6
33. Rd6+ Kc5 34. Rd5+ Kb4 35. Qa4# 1-0

[Event "SR 5. liga SE-SI 2014/2015"]
[Site "?"]
[Date "2015.01.24"]
[Round "7.3"]
[White "Daniel, Jakub"]
[Black "Kaufman, Robert"]
[Result "0-1"]
[WhiteElo "1000"]
[BlackElo "1127"]
[PlyCount "34"]
[EventDate "2014.??.??"]

1. e4 e5 2. Nf3 Nc6 3. Bc4 Bc5 4. h3 Nf6 5. Nc3 O-O 6. d3 d6 7. Bd2 Be6 8. Bb3
Nd4 9. Nxd4 Bxd4 10. Nd5 Nxd5 11. exd5 Bf5 12. Qc1 Qf6 13. Bg5 Qg6 14. O-O f6
15. Bd2 Bxh3 16. g3 Qxg3+ 17. Kh1 Qg2# 0-1

[Event "SR 5. liga SE-SI 2014/2015"]
[Site "?"]
[Date "2015.01.24"]
[Round "7.3"]
[White "Oslej, Marek"]
[Black "Horinka, Tomas"]
[Result "1/2-1/2"]
[WhiteElo "1000"]
[BlackElo "1000"]
[PlyCount "82"]
[EventDate "2014.??.??"]

1. e4 e5 2. Nf3 Nc6 3. Bc4 Bc5 4. Nc3 d6 5. d3 h6 6. O-O Bg4 7. h3 Bh5 8. Bd2
Nf6 9. Bd5 Bd4 10. Nb5 a6 11. Nbxd4 Rb8 12. Nxc6 bxc6 13. Bxc6+ Ke7 14. Rb1 Rb6
15. Bd5 c6 16. Bb3 Qd7 17. Be3 c5 18. c3 Qc7 19. c4 Rb7 20. Qe2 Rhb8 21. Rfc1
Qa5 22. Bd2 Qc7 23. Qe1 Qc6 24. Qe2 Rb6 25. Ba5 R6b7 26. Qc2 Rf8 27. Ba4 Qc8
28. Rf1 Nd7 29. Bxd7 Qxd7 30. Nh4 Rg8 31. Nf5+ Kf8 32. f3 g6 33. Ng3 Bxf3 34.
Rxf3 Kg7 35. Rbf1 Rf8 36. Rf6 Qe7 37. h4 h5 38. R6f5 Qe6 39. R5f2 Re8 40. Rf6
Qe7 41. R6f5 Qe6 1/2-1/2

[Event "SR 5. liga SE-SI 2014/2015"]
[Site "?"]
[Date "2015.01.24"]
[Round "7.3"]
[White "Volek, Vladimir"]
[Black "Krusinsky, Mojmir"]
[Result "1/2-1/2"]
[WhiteElo "1000"]
[BlackElo "1000"]
[PlyCount "139"]
[EventDate "2014.??.??"]

1. e4 e5 2. Nf3 Nf6 3. Nc3 Nc6 4. Bc4 Bc5 5. d3 d6 6. h3 O-O 7. Bg5 h6 8. Bh4
a6 9. O-O b5 10. Bb3 Be6 11. Bxe6 fxe6 12. a3 b4 13. axb4 Bxb4 14. Ne2 Qd7 15.
c3 Bc5 16. d4 exd4 17. cxd4 Bb4 18. e5 dxe5 19. dxe5 Nd5 20. Qc1 Be7 21. Bxe7
Ncxe7 22. Nc3 Nxc3 23. Qxc3 Nd5 24. Qd3 Nb6 25. Qxd7 Nxd7 26. Rac1 Rac8 27.
Rfd1 Rfd8 28. Nd4 Nxe5 29. Nxe6 Rxd1+ 30. Rxd1 Nf7 31. b3 Re8 32. Nxc7 Rd8 33.
Rxd8+ Nxd8 34. b4 Nc6 35. Nxa6 Nd4 36. f3 Ne2+ 37. Kf2 Nf4 38. b5 Nd5 39. g3 g5
40. h4 Kg7 41. hxg5 hxg5 42. g4 Kg6 43. Kg3 Kf6 44. Kh3 Ke5 45. Nb8 Kf4 46. Kg2
Nb6 47. Nc6 Ke3 48. Kg3 Ke2 49. f4 gxf4+ 50. Kxf4 Kd3 51. Ne5+ Kd4 52. g5 Kd5
53. Kf5 Kd6 54. g6 Nd7 55. Nxd7 Kxd7 56. Kf6 Ke8 57. g7 Kd7 58. g8=Q Kc7 59.
Qb3 Kb6 60. Qd5 Ka5 61. Qc4 Kb6 62. Ke6 Ka5 63. Qb3 Kb6 64. Kd6 Ka5 65. Qc4 Kb6
66. Qc5+ Ka5 67. Kc6 Ka4 68. b6 Kb3 69. b7 Ka4 70. b8=R 1/2-1/2

[Event "SR 5. liga SE-SI 2014/2015"]
[Site "?"]
[Date "2015.01.24"]
[Round "7.4"]
[White "Zajicek, Ferdinand"]
[Black "Sobek, Michal"]
[Result "0-1"]
[WhiteElo "1836"]
[BlackElo "1684"]
[PlyCount "92"]
[EventDate "2014.??.??"]

1. e4 e5 2. Nf3 Nc6 3. Bc4 Nf6 4. Nc3 Nxe4 5. Bxf7+ Kxf7 6. Nxe4 d5 7. Neg5+
Kg8 8. d3 Be7 9. O-O h6 10. Nh3 Bxh3 11. gxh3 Qd7 12. Kh1 Qxh3 13. Rg1 Rf8 14.
Rg3 Qh5 15. Qe2 Bh4 16. Rh3 Qg4 17. Rxh4 Qxf3+ 18. Qxf3 Rxf3 19. Kg2 Rf5 20.
Be3 Kh7 21. c3 Rhf8 22. Rf1 g5 23. Rg4 b6 24. h4 Kg6 25. b4 d4 26. cxd4 exd4
27. Bxd4 Rf4 28. Rxf4 Rxf4 29. Be3 Rg4+ 30. Kf3 Ne5+ 31. Ke2 Rxb4 32. hxg5 Rb2+
33. Bd2 hxg5 34. f4 Nc6 35. fxg5 Nd4+ 36. Ke3 Nf5+ 37. Rxf5 Kxf5 38. Bc3 Rxa2
39. Bf6 Rg2 40. Bd8 c5 41. Kf3 Rxg5 42. Bxg5 Kxg5 43. Ke4 a5 44. Kd5 a4 45. Kc4
Kf4 46. Kb5 a3 0-1

[Event "SR 5. liga SE-SI 2014/2015"]
[Site "?"]
[Date "2015.01.24"]
[Round "7.4"]
[White "Klimes, Karel"]
[Black "Kanka, Tomas"]
[Result "1/2-1/2"]
[WhiteElo "1688"]
[BlackElo "1723"]
[PlyCount "64"]
[EventDate "2014.??.??"]

1. e4 e5 2. Nf3 Nf6 3. Nxe5 d6 4. Nf3 Nxe4 5. Bc4 Be7 6. d3 Nf6 7. Nc3 O-O 8.
O-O c6 9. h3 a5 10. a3 h6 11. Bd2 Nbd7 12. Nd4 d5 13. Ba2 Ne5 14. f4 Ng6 15.
Nce2 Re8 16. Kh1 Bc5 17. Nf3 Qd6 18. d4 Ba7 19. Ne5 Bb8 20. c3 Ne4 21. Be3 Ne7
22. Qe1 f6 23. Nd3 Nf5 24. Rf3 b6 25. g4 Nxe3 26. Rxe3 Ba6 27. Kg2 Bxd3 28.
Rxd3 Bc7 29. Rf3 Re7 30. Ng3 Rae8 31. Nf5 Qd7 32. Nxe7+ Rxe7 1/2-1/2

[Event "SR 5. liga SE-SI 2014/2015"]
[Site "?"]
[Date "2015.01.24"]
[Round "7.4"]
[White "Kastler, Peter"]
[Black "Klimesova, Lucia"]
[Result "1-0"]
[WhiteElo "1757"]
[BlackElo "1518"]
[PlyCount "57"]
[EventDate "2014.??.??"]

1. d4 e6 2. c4 g6 3. Nc3 Bg7 4. e3 Nf6 5. Nf3 O-O 6. Bd3 d6 7. O-O Nbd7 8. b3
e5 9. Bb2 Ne8 10. dxe5 Nxe5 11. Nxe5 dxe5 12. Qc2 f5 13. Rad1 Qh4 14. Be2 f4
15. exf4 exf4 16. Bf3 c6 17. Qe2 g5 18. g3 Qh6 19. Rd8 Nf6 20. Rxf8+ Kxf8 21.
Ne4 Nxe4 22. Bxg7+ Kxg7 23. Qxe4 Qe6 24. Qd4+ Kf8 25. Rd1 Qe7 26. Qh8+ Kf7 27.
Bh5+ Ke6 28. Re1+ Kd6 29. Rxe7 1-0

[Event "SR 5. liga SE-SI 2014/2015"]
[Site "?"]
[Date "2015.01.24"]
[Round "7.4"]
[White "Filipek, Norbert"]
[Black "Papanek, Lubomir"]
[Result "0-1"]
[WhiteElo "1414"]
[BlackElo "1616"]
[PlyCount "68"]
[EventDate "2014.??.??"]

1. e4 d5 2. exd5 Qxd5 3. Nc3 Qa5 4. Nf3 c6 5. d4 Bf5 6. Bd3 Nf6 7. O-O Bg4 8.
Bd2 e6 9. a3 Nbd7 10. Ne4 Qc7 11. Nxf6+ Nxf6 12. Be2 Bd6 13. g3 O-O-O 14. c4 h6
15. c5 Be7 16. b4 Nd5 17. Ne5 Bxe2 18. Qxe2 Bf6 19. Nf3 g5 20. Be3 Bg7 21. Rfd1
Nc3 22. Qc4 Nxd1 23. Rxd1 Qd7 24. a4 Qd5 25. Qxd5 exd5 26. b5 Rhe8 27. bxc6
bxc6 28. a5 Kd7 29. h4 f6 30. hxg5 fxg5 31. Nd2 Rb8 32. f4 Rxe3 33. Rb1 Rxb1+
34. Nxb1 Rxg3+ 0-1

[Event "SR 5. liga SE-SI 2014/2015"]
[Site "?"]
[Date "2015.01.24"]
[Round "7.4"]
[White "Mraz, Jan"]
[Black "Sobekova, Adela"]
[Result "1-0"]
[WhiteElo "1000"]
[BlackElo "1000"]
[PlyCount "79"]
[EventDate "2014.??.??"]

1. d4 d5 2. c4 Nf6 3. Nc3 e6 4. e3 Bb4 5. Bd2 O-O 6. Nf3 Nc6 7. a3 Bxc3 8. Bxc3
Bd7 9. Rc1 Qe7 10. c5 Ne4 11. Bd3 Nxc3 12. Rxc3 e5 13. dxe5 Nxe5 14. Nxe5 Qxe5
15. O-O Rad8 16. Qc2 g6 17. b4 Be6 18. c6 b6 19. Be2 d4 20. exd4 Qxd4 21. Rd1
Qf6 22. Rf3 Bf5 23. Bd3 Bxd3 24. Rfxd3 Rxd3 25. Rxd3 Qa1+ 26. Qd1 Qe5 27. g3
Qb5 28. Qf3 Re8 29. Rd7 f5 30. Qb3+ Kh8 31. Qc3+ Qe5 32. Qxe5+ Rxe5 33. Rxc7 a5
34. Rb7 Re1+ 35. Kg2 Rc1 36. c7 axb4 37. axb4 b5 38. Rb8+ Kg7 39. c8=Q Rxc8 40.
Rxc8 1-0

[Event "SR 5. liga SE-SI 2014/2015"]
[Site "?"]
[Date "2015.01.24"]
[Round "7.5"]
[White "Simek, Adam"]
[Black "Bartos, Bohumil"]
[Result "0-1"]
[WhiteElo "1060"]
[BlackElo "1502"]
[PlyCount "72"]
[EventDate "2014.??.??"]

1. e4 c5 2. c4 Nc6 3. Nf3 d6 4. Nc3 Nf6 5. d4 cxd4 6. Nxd4 a6 7. Nxc6 bxc6 8.
Bf4 e5 9. Bg5 Be7 10. Be2 O-O 11. O-O h6 12. Bh4 Rb8 13. Qa4 Rxb2 14. Qxc6 Bb7
15. Qa4 g5 16. Rab1 Rxb1 17. Rxb1 Bxe4 18. Nxe4 Nxe4 19. f3 Nc3 20. Qc2 Nxb1
21. Qxb1 gxh4 22. Bd3 Qc8 23. Qb6 Qc5+ 24. Qxc5 dxc5 25. Kf2 Rd8 26. Ke3 Bg5+
27. Ke4 f5+ 28. Kxf5 Rxd3 29. Kxe5 Kf7 30. f4 Bf6+ 31. Kf5 Rd4 32. a4 Rxc4 33.
g4 hxg3 34. h3 g2 35. h4 g1=Q 36. a5 Qg6# 0-1

[Event "SR 5. liga SE-SI 2014/2015"]
[Site "?"]
[Date "2015.01.24"]
[Round "7.5"]
[White "Baumgartner, Milan"]
[Black "Nesnadny, Tomas"]
[Result "1-0"]
[WhiteElo "1585"]
[BlackElo "1000"]
[PlyCount "55"]
[EventDate "2014.??.??"]

1. a3 e5 2. e4 Nf6 3. Nc3 Nc6 4. Bc4 d6 5. h3 Bd7 6. d3 h6 7. Nf3 Qe7 8. b4 a6
9. Be3 Be6 10. b5 Na5 11. bxa6 bxa6 12. Bd5 Rb8 13. Rb1 Rc8 14. d4 Nxd5 15.
exd5 Bf5 16. dxe5 dxe5 17. a4 Nc4 18. O-O Na3 19. Rb2 Nc4 20. Ra2 Qb4 21. Ne2
Na3 22. Nxe5 Qxa4 23. Nd4 Bxc2 24. Qf3 f6 25. Qh5+ Ke7 26. Qf7+ Kd6 27. Qe6+
Kc5 28. Nxc2+ 1-0

[Event "SR 5. liga SE-SI 2014/2015"]
[Site "?"]
[Date "2015.01.24"]
[Round "7.5"]
[White "Jankovic, Vit"]
[Black "Davidik, Miroslav"]
[Result "0-1"]
[WhiteElo "1000"]
[BlackElo "1421"]
[PlyCount "58"]
[EventDate "2014.??.??"]

1. e4 e6 2. Nf3 d5 3. exd5 exd5 4. d4 h6 5. Bf4 Nf6 6. Nc3 Be7 7. Bd3 O-O 8.
Qe2 c5 9. dxc5 Bxc5 10. O-O-O a6 11. Rhe1 Re8 12. Ne5 Be6 13. Qf3 Nc6 14. Qg3
Nh5 15. Qf3 Nxf4 16. Qxf4 Qg5 17. Qxg5 hxg5 18. f3 Bb4 19. a3 Bd6 20. Ng4 Bf4+
21. Kb1 Bxg4 22. fxg4 Rxe1 23. Rxe1 Bd2 24. Re2 Bxc3 25. bxc3 Kf8 26. c4 dxc4
27. Bxc4 f6 28. Bd5 Ne5 29. Bxb7 Rb8 0-1

[Event "SR 5. liga SE-SI 2014/2015"]
[Site "?"]
[Date "2015.01.24"]
[Round "7.5"]
[White "Spacek, Jan"]
[Black "Kurthyova, Viktoria"]
[Result "1-0"]
[WhiteElo "1119"]
[BlackElo "1000"]
[PlyCount "65"]
[EventDate "2014.??.??"]

1. e4 e5 2. Nf3 Nc6 3. Bc4 Nf6 4. d3 Bc5 5. Ng5 O-O 6. Nc3 Nd4 7. Be3 h6 8. Nf3
d6 9. Bxd4 Bxd4 10. Nxd4 exd4 11. Ne2 c5 12. Qd2 Be6 13. Bxe6 fxe6 14. c3 e5
15. Ng3 Qd7 16. a3 d5 17. O-O Qc6 18. Rfe1 Rfd8 19. cxd4 exd4 20. Nf5 Kh7 21.
Rac1 dxe4 22. b4 cxb4 23. Rxc6 Rg8 24. Rxf6 g6 25. Ne7 Rg7 26. Rxe4 g5 27. Qxb4
b6 28. h3 h5 29. Qxd4 Re8 30. Qd7 h4 31. Rg6 Rxg6 32. Nxg6+ Kg8 33. Rxe8# 1-0

[Event "SR 5. liga SE-SI 2014/2015"]
[Site "?"]
[Date "2015.01.24"]
[Round "7.6"]
[White "Mysicka, Miroslav"]
[Black "Hrubos, Milan"]
[Result "0-1"]
[WhiteElo "1801"]
[BlackElo "1771"]
[PlyCount "104"]
[EventDate "2014.??.??"]

1. c4 e5 2. Nc3 Nf6 3. Nf3 Nc6 4. g3 g6 5. Bg2 Bg7 6. O-O O-O 7. d3 d6 8. Bg5
h6 9. Be3 Be6 10. Qd2 Kh7 11. Rac1 Ne7 12. b3 Nf5 13. d4 Nxe3 14. Qxe3 Ng4 15.
Qd2 Rb8 16. d5 Bd7 17. h3 Nf6 18. e4 Nh5 19. b4 f5 20. c5 f4 21. g4 Nf6 22. Nh2
g5 23. cxd6 cxd6 24. a3 h5 25. f3 hxg4 26. Nxg4 Kg6 27. Rc2 Nxg4 28. hxg4 Rh8
29. Rf2 Rh4 30. Bf1 Qb6 31. Bg2 Rbh8 32. Qe2 Bf6 33. Kf1 Qd8 34. Ke1 a6 35. Qc4
b5 36. Qd3 Qb6 37. Nd1 Rc8 38. Rxc8 Bxc8 39. Qc2 Bb7 40. Kf1 Rh8 41. Qd3 Rc8
42. Rc2 Rxc2 43. Qxc2 Bd8 44. a4 Qd4 45. axb5 Bb6 46. Nf2 Qxb4 47. bxa6 Bxa6+
48. Kg1 Qe1+ 49. Kh2 Qxf2 50. Qc6 Qh4+ 51. Bh3 Qg3+ 52. Kh1 Qg1# 0-1

[Event "SR 5. liga SE-SI 2014/2015"]
[Site "?"]
[Date "2015.01.24"]
[Round "7.6"]
[White "Zlamal, Marek"]
[Black "Drozd, Jan"]
[Result "1/2-1/2"]
[WhiteElo "1671"]
[BlackElo "1509"]
[PlyCount "116"]
[EventDate "2014.??.??"]

1. d4 Nf6 2. Nc3 e6 3. e4 d6 4. Bg5 Be7 5. Nf3 Ng8 6. Be3 Nd7 7. Bb5 c6 8. Ba4
Ngf6 9. Bb3 O-O 10. O-O Re8 11. a4 a5 12. d5 cxd5 13. exd5 e5 14. h3 Nf8 15.
Qe2 Bf5 16. Rac1 Ne4 17. Nb5 Nd7 18. c4 Ndc5 19. Bc2 b6 20. Kh2 Qd7 21. Bxc5
Nxc5 22. Bxf5 Qxf5 23. Nc7 Nxa4 24. Nxa8 Rxa8 25. Qe3 Nc5 26. Ra1 Qc8 27. Nd4
Bf6 28. Nc6 e4 29. Ra2 h6 30. Rfa1 Bg5 31. Qxg5 hxg5 32. Ne7+ Kh7 33. Nxc8 Rxc8
34. b4 axb4 35. Ra8 Rc7 36. Rb8 Nd3 37. Rxb6 Rxc4 38. Rb1 Rd4 39. Rxd6 Nxf2 40.
Kg1 e3 41. Kf1 Ne4 42. Ke2 Nxd6 43. Kxe3 Rxd5 44. Rxb4 Re5+ 45. Kf3 f5 46. Kg3
Kh6 47. Rb6 Re6 48. Kh2 Kh5 49. g3 Re2+ 50. Kg1 Ne4 51. Rb3 g6 52. Rb7 Kh6 53.
Rb3 g4 54. h4 g5 55. Rb6+ Kh5 56. Kf1 Ra2 57. Kg1 Nxg3 58. Rh6+ Kxh6 1/2-1/2

[Event "SR 5. liga SE-SI 2014/2015"]
[Site "?"]
[Date "2015.01.24"]
[Round "7.6"]
[White "Lauko, Tomas"]
[Black "Benak, Peter"]
[Result "1-0"]
[WhiteElo "1476"]
[BlackElo "1615"]
[PlyCount "81"]
[EventDate "2014.??.??"]

1. e4 Nf6 2. Nc3 d5 3. e5 d4 4. exf6 dxc3 5. fxg7 cxd2+ 6. Qxd2 Qxd2+ 7. Bxd2
Bxg7 8. O-O-O Bf5 9. Be2 Nd7 10. g4 Bg6 11. h4 h5 12. Be3 a6 13. gxh5 Bxh5 14.
Bxh5 Rxh5 15. Nf3 O-O-O 16. Ng5 Rf8 17. Rd2 Bf6 18. Rhd1 Bxg5 19. hxg5 Ne5 20.
Bc5 Nc6 21. f4 Rfh8 22. Re2 e6 23. Bd4 Nxd4 24. Rxd4 Rd8 25. Rxd8+ Kxd8 26. Kd2
Kd7 27. Kd3 c5 28. Ke4 Ke7 29. Re3 Rh2 30. Rc3 b6 31. a4 Rd2 32. b3 Rd4+ 33.
Ke3 Kd6 34. Kf3 Rd2 35. Kg4 Rd4 36. Rf3 e5 37. Rd3 exf4 38. Rxd4+ cxd4 39. Kxf4
Ke6 40. Ke4 b5 41. axb5 1-0

[Event "SR 5. liga SE-SI 2014/2015"]
[Site "?"]
[Date "2015.01.24"]
[Round "7.6"]
[White "Sladek, Michal"]
[Black "Lauko, Lukas"]
[Result "1-0"]
[WhiteElo "1257"]
[BlackElo "1000"]
[PlyCount "57"]
[EventDate "2014.??.??"]

1. e4 e5 2. Nf3 d6 3. Nc3 c6 4. d4 exd4 5. Qxd4 Bd7 6. Bc4 c5 7. Qd5 Be6 8.
Qxb7 Nd7 9. Bxe6 fxe6 10. Bg5 Ngf6 11. O-O-O Be7 12. e5 Ng4 13. Bxe7 Kxe7 14.
exd6+ Kf7 15. Ne4 h6 16. h3 Ngf6 17. Ne5+ Kg8 18. Nxf6+ gxf6 19. Nxd7 Rh7 20.
Nxf6+ Qxf6 21. Qxa8+ Kg7 22. d7 Qg5+ 23. Kb1 Qd5 24. Rxd5 exd5 25. Qxa7 Kg6 26.
Qb6+ Kf5 27. d8=Q Ke5 28. Re1+ Kd4 29. Qh4# 1-0

[Event "SR 5. liga SE-SI 2014/2015"]
[Site "?"]
[Date "2015.01.24"]
[Round "7.6"]
[White "Gabris, Lubos"]
[Black "Daniel, Dusan"]
[Result "1-0"]
[WhiteElo "1000"]
[BlackElo "1000"]
[PlyCount "107"]
[EventDate "2014.??.??"]

1. e4 e5 2. Nf3 Nc6 3. c3 Nf6 4. d3 d5 5. exd5 Qxd5 6. g3 e4 7. dxe4 Nxe4 8.
Qxd5 Nf6 9. Qd3 Bc5 10. Qe2+ Be6 11. Bg5 Ng4 12. h3 Nxf2 13. Nd4 Bxd4 14. Rh2
Bf6 15. Bxf6 gxf6 16. Rxf2 O-O-O 17. Rxf6 Rhe8 18. Bg2 Bc4 19. Bf1 Bxe2 20.
Bxe2 Rd3 21. Kf1 Rxg3 22. Rxf7 Rxh3 23. Bg4+ Kb8 24. Bxh3 Ne5 25. Rxh7 a6 26.
Rh4 Rf8+ 27. Ke2 Nf3 28. Rh6 Ng1+ 29. Kd3 Rf3+ 30. Ke4 Rxh3 31. Rxh3 Nxh3 32.
Ke3 Ka7 33. Nd2 Ng5 34. Rg1 Ne6 35. Rg6 Nc5 36. b4 Nd7 37. Rg7 c5 38. Rxd7 cxb4
39. cxb4 Kb6 40. Nc4+ Kb5 41. Nd6+ Kxb4 42. Rxb7+ Ka3 43. Ra7 Kxa2 44. Rxa6+
Kb3 45. Rb6+ Ka4 46. Kd3 Ka3 47. Nc4+ Ka4 48. Nb2+ Ka5 49. Nc4+ Ka4 50. Rd6 Kb5
51. Kc3 Ka4 52. Ra6+ Kb5 53. Rb6+ Ka4 54. Rb4# 1-0

[Event "SR 5. liga SE-SI 2014/2015"]
[Site "?"]
[Date "2015.02.07"]
[Round "8.1"]
[White "Wallner, Juraj"]
[Black "Hrubos, Milan"]
[Result "0-1"]
[WhiteElo "1606"]
[BlackElo "1771"]
[PlyCount "70"]
[EventDate "2014.??.??"]

1. e4 c5 2. Nf3 d6 3. d4 cxd4 4. Nxd4 Nf6 5. Nc3 g6 6. Be3 Bg7 7. Qd2 Nc6 8.
O-O-O Ng4 9. Nde2 Nxe3 10. Qxe3 Bd7 11. Kb1 a6 12. h3 b5 13. f4 h5 14. Nc1 Rc8
15. g3 Nb4 16. e5 dxe5 17. fxe5 Qc7 18. a3 Nc6 19. Nd5 Qxe5 20. Qxe5 Nxe5 21.
Be2 Bf5 22. Nd3 Nc4 23. Rhe1 e6 24. Nc3 Nxa3+ 25. bxa3 Bxc3 26. Rh1 Ke7 27. g4
hxg4 28. hxg4 Rxh1 29. Rxh1 Bxd3 30. Bxd3 Rc5 31. Rh3 Bd4 32. Be4 Rg5 33. Bf3
a5 34. Be2 a4 35. Bxb5 Rxb5+ 0-1

[Event "SR 5. liga SE-SI 2014/2015"]
[Site "?"]
[Date "2015.02.07"]
[Round "8.1"]
[White "Zlamal, Marek"]
[Black "Tomasovic, Roman"]
[Result "1/2-1/2"]
[WhiteElo "1671"]
[BlackElo "1363"]
[PlyCount "65"]
[EventDate "2014.??.??"]

1. d4 d5 2. f4 Nf6 3. Nf3 e6 4. e3 Nc6 5. Bd2 Be7 6. Bb5 a6 7. Ba4 b5 8. Bb3
Bb7 9. O-O O-O 10. Qe1 Ne4 11. Nc3 f5 12. Nxe4 fxe4 13. Ne5 Nxe5 14. fxe5 Rxf1+
15. Qxf1 Qf8 16. Qe2 Bg5 17. Rf1 Qe7 18. a4 c6 19. Qh5 Bh6 20. g4 Bg5 21. Kg2
g6 22. Qh3 Rf8 23. Qg3 Rxf1 24. Kxf1 Qf7+ 25. Ke2 Be7 26. h4 c5 27. c3 c4 28.
Bc2 Bc6 29. axb5 axb5 30. b3 h6 31. b4 Kg7 32. Be1 g5 33. h5 1/2-1/2

[Event "SR 5. liga SE-SI 2014/2015"]
[Site "?"]
[Date "2015.02.07"]
[Round "8.1"]
[White "Valigursky, Michal"]
[Black "Sladek, Michal"]
[Result "1/2-1/2"]
[WhiteElo "1446"]
[BlackElo "1257"]
[PlyCount "76"]
[EventDate "2014.??.??"]

1. e4 e5 2. Nf3 Nc6 3. Bb5 d6 4. d4 Bd7 5. Bxc6 Bxc6 6. d5 Bb5 7. b3 Be7 8. c4
Bd7 9. O-O Bg4 10. Qd3 c5 11. Nc3 Nf6 12. Ne2 h6 13. Ng3 g6 14. h3 Bd7 15. Nh2
h5 16. f4 h4 17. Ne2 Nh5 18. fxe5 dxe5 19. Qf3 f6 20. Bb2 Qc7 21. Rad1 Qd6 22.
Ng4 O-O-O 23. Rc1 Rdf8 24. b4 b6 25. Ba3 f5 26. bxc5 bxc5 27. Nh2 fxe4 28. Qxe4
Rxf1+ 29. Rxf1 Ng3 30. Nxg3 hxg3 31. Nf3 Rh5 32. Nd2 Rh4 33. Qd3 Rf4 34. Qxg3
Rxf1+ 35. Kxf1 Qf6+ 36. Kg1 Qf5 37. Qe3 Qf4 38. Qxf4 exf4 1/2-1/2

[Event "SR 5. liga SE-SI 2014/2015"]
[Site "?"]
[Date "2015.02.07"]
[Round "8.1"]
[White "Sefcik, Oliver"]
[Black "Vozarova, Adriana"]
[Result "0-1"]
[WhiteElo "1000"]
[BlackElo "1444"]
[PlyCount "50"]
[EventDate "2014.??.??"]

1. e4 e5 2. Nf3 Nc6 3. Bc4 Nf6 4. Nc3 Nxe4 5. Nxe4 d5 6. Nc3 dxc4 7. O-O Be7 8.
Re1 Bg4 9. Ne4 Nd4 10. c3 Nxf3+ 11. gxf3 Bh3 12. Kh1 O-O 13. Rg1 f5 14. Ng3 Bc5
15. Qe2 Qd5 16. b4 Bb6 17. a4 a5 18. Ba3 Rf7 19. Nf1 e4 20. Rg3 exf3 21. Rxf3
Bg4 22. Qe1 Qxf3+ 23. Kg1 Bh3 24. Ne3 Bxe3 25. Qxe3 Qg2# 0-1